基督信仰與中國 (Record no. 19609)
[ view plain ]
| 000 -LEADER | |
|---|---|
| fixed length control field | 00447nam a2200157Ia 4500 |
| 008 - FIXED-LENGTH DATA ELEMENTS--GENERAL INFORMATION | |
| fixed length control field | 200826s9999||||xx |||||||||||||| ||und|| |
| 041 ## - LANGUAGE CODE | |
| Language code of text/sound track or separate title | chi |
| 050 ## - LIBRARY OF CONGRESS CALL NUMBER | |
| Classification number | BR128.C4 |
| Item number | .C68 1972 |
| 100 ## - MAIN ENTRY--PERSONAL NAME | |
| Personal name | 周聯華 |
| 245 #0 - TITLE STATEMENT | |
| Title | 基督信仰與中國 |
| Remainder of title | / |
| Statement of responsibility, etc. | 周聯華 |
| 246 ## - VARYING FORM OF TITLE | |
| Title proper/short title | 基督信仰与中国 |
| Remainder of title | / |
| 260 ## - PUBLICATION, DISTRIBUTION, ETC. | |
| Place of publication, distribution, etc. | 臺北: |
| Name of publisher, distributor, etc. | 浸信會文字中心, |
| Date of publication, distribution, etc. | 1972 |
| 300 ## - PHYSICAL DESCRIPTION | |
| Extent | 4, 245 p. |
| Other physical details | ; |
| Dimensions | 19 cm. |
| 650 ## - SUBJECT ADDED ENTRY--TOPICAL TERM | |
| Topical term or geographic name entry element | Christianity and chinese culturer. |
| Withdrawn status | Lost status | Damaged status | Not for loan | Home library | Current library | Shelving location | Date acquired | Total Checkouts | Full call number | Barcode | Date last seen | Price effective from | Koha item type |
|---|---|---|---|---|---|---|---|---|---|---|---|---|---|
| GETS Theological Seminary Library | GETS Theological Seminary Library | General Stacks | 08/26/2020 | BR128.C4 .C68 1972 | 00007030 | 08/26/2020 | 08/26/2020 | Chinese Book |